Normal view
MARC view
Entry Topical Term
001 - CONTROL NUMBER
- control field: 2003
003 - CONTROL NUMBER IDENTIFIER
- control field: OSt
005 - DATE AND TIME OF LATEST TRANSACTION
- control field: 20110427151219.0
008 - FIXED-LENGTH DATA ELEMENTS
- fixed length control field: 110427|||a|||||| | ||| d
040 ## - CATALOGING SOURCE
- Original cataloging agency: OSt
- Transcribing agency: OSt
150 ## - HEADING--TOPICAL TERM
- Topical term or geographic name as entry element: Educational law and legislation
- Geographic subdivision: Uganda.
670 ## - SOURCE DATA FOUND
- Source citation: Work cat.: (OSt)0: Uganda. 554, KALR's local government practice legislation of Uganda :, [2003]
